Introducing technical graphics

Bibliographic Details
Main Author: Stubbs, G.
Other Authors: Witts, L.
Format: Book
Published: New York : McGraw - Hill Book Co. , 1981
Edition:2nd ed
Subjects:

MARC

LEADER 00000cam a2200000 7i4500
001 0000003775
005 20050427.0
020 |a 0070729581 
040 |a INS 
090 0 0 |a T353.   |b S9324 1981 
100 1 |a Stubbs, G. 
245 1 0 |a Introducing technical graphics   |c by G. Stubbs 
250 |a 2nd ed 
260 |a New York :   |b McGraw - Hill Book Co. ,   |c 1981 
300 |a 98p 
650 0 0 |a Mechanical drawing 
700 1 |a Witts, L. 
999 |a 0000006185   |b BOOK   |c Open Shelf   |e Default branch